Supply Chain Management: Strategy,Planning & Operations (Record no. 6295)

MARC details
005 - DATE AND TIME OF LATEST TRANSACTION
control field 20250629114027.0
020 ## - INTERNATIONAL STANDARD BOOK NUMBER
International Standard Book Number 978-0-13-208608-0
082 ## - DEWEY DECIMAL CLASSIFICATION NUMBER
Classification number 658.7 CHO
100 ## - MAIN ENTRY--PERSONAL NAME
Author name CHOPRA,S.
245 ## - TITLE STATEMENT
Title Supply Chain Management: Strategy,Planning & Operations
250 ## - EDITION STATEMENT
Edition statement 3rd Ed.
260 ## - PUBLICATION, DISTRIBUTION, ETC.
Place of publication, distribution, etc. New Jersey,
Name of publisher, distributor, etc. Pearson Education Inc.,
Date of publication, distribution, etc. 2007.
300 ## - PHYSICAL DESCRIPTION
Extent xv,536p.:ill.;figures,tables
Other physical details Bibliography and Index
Dimensions 26cm
700 ## - ADDED ENTRY--PERSONAL NAME
Other authors/Editors Meindl,Peter
942 ## - ADDED ENTRY ELEMENTS (KOHA)
Source of classification or shelving scheme Dewey Decimal Classification
Koha item type Books
Holdings
Date last seen Total checkouts Full call number Barcode Cost, replacement price Price effective from Koha item type Lost status Source of classification or shelving scheme Damaged status Not for loan Withdrawn status Home library Current library Shelving location Date acquired Source of acquisition Cost, normal purchase price
06/29/2025   658.7 CHO MZA0002863 135000.00 06/29/2025 Books   Dewey Decimal Classification       CBE Mwanza CBE Mwanza Special Reserve Collection 06/17/2014 Library Budget 45000.00